National Parks - Sudden Death - Statistics

General Stats
  • This quiz has been taken 53 times
  • The average score is 9 of 15
Answers on the Grid
Answers color-coded by a green-red scale on the quiz's grid according to % correct below.
Acadia
Alaskan Crater
Big Plains
Canyonlands
Crater Lake
Cuyahoga Valley
Dry Tortugas
Forest Glacier
Gateway Arch
Great Sand Dunes
Haleakala
Hot Springs
Kenai Fjords
King's River
Lake Michigan
Lassen Volcanic
Last Frontier
Lewis & Clark
Mammoth Cave
Mount Shasta
Mount Washington
Niagara Falls
North Mountain
Old Dinosaur
Olympic
Puho'nai Volcano
Red Canyon
Saguaro
Wasatch Mountains
White Sands
 
Answer Stats
Answer % Correct
Acadia
86%
Cuyahoga Valley
71%
Gateway Arch
71%
Mammoth Cave
71%
White Sands
71%
Dry Tortugas
57%
Great Sand Dunes
57%
Haleakala
57%
Hot Springs
57%
Saguaro
57%
Canyonlands
43%
Crater Lake
43%
Kenai Fjords
43%
Lassen Volcanic
43%
Olympic
43%
No matching quizzes found
Score Distribution
Percent of People with Each Score
Percentile by Number Answered
Your Score History
You have not taken this quiz